000 00647nam a22002177a 4500
005 20251108165819.0
008 250721s9999 xx 000 0 ara d
082 1 4 _aط/923.1/عمر
100 1 _aهنداوي، خليل
245 1 0 _aعمر بن الخطاب /
264 1 _aبيروت :
_bدار الشرق العربي،
_c[19-].
300 _a121ص
490 0 _aأعلام خالدون ؛ 1
650 1 7 _aالتراجم
653 _aناشئون صغار (10-14 سنة )
700 1 _aالانطاكي، محمد
700 1 _aحاضري، بدر الدين
700 1 _aقجة، محمد
942 _2ddc
_cBK
999 _c31946
_d31946